| 000 | 00334nam a2200121Ia 4500 | ||
|---|---|---|---|
| 008 | 220217s9999||||xx |||||||||||||| ||und|| | ||
| 082 | _a894.814 3 SOM | ||
| 100 | _aSomanathananda | ||
| 245 | 0 | _aSwami vivekanandara jeevana charithre | |
| 260 |
_aSri Ramakrishna Ashrama _bMysore _c2004 |
||
| 300 | _b85 | ||
| 650 | _aGENERAL BOOKS | ||
| 999 |
_c172988 _d172988 |
||